LDR 00731naa#a2200169#i#450# 001 EN\\bibl\120993 005 20260426135930.7 011 ## _a2782-5256 100 ## _a20260420b2026####ek#y0engy0150####ca 102 ## _aRU 200 1# _aTheoretical and methodological foundations of the formation of a sub-institution for exemption from criminal liability and punishment during the period of mobilization, martial law or wartime _eJournal article 210 1# _aMoscow _cMoscow University of the Ministry of Internal Affairs of Russia named after V.Ya. Kikot _d2026 215 ## _a3 с. 608 ## _aJournal article _2local 675 ## _aПраво. Юридические науки. 34 _z 700 #1 _aSverdlov _gDavid Ruslanovich 856 4# _amosumvd.editorum.ru _u